Jean Nouvel
Сохранить в:
| Главный автор: | |
|---|---|
| Формат: | |
| Язык: | испанский |
| Опубликовано: |
Barcelona, España
Gustavo Gili
1997
|
| Предметы: | |
| Метки: |
Добавить метку
Нет меток, Требуется 1-ая метка записи!
|
MARC
| LEADER | 00000nam a2200000 a 4500 | ||
|---|---|---|---|
| 001 | UCM8831 | ||
| 003 | CL-VaPUC | ||
| 005 | 20240625130843.0 | ||
| 008 | 030328e19970000SP |||||||||||||||||spa|d | ||
| 999 | |c 303252 |d 303250 | ||
| 040 | |c Pontificia Universidad Católica de Valparaíso | ||
| 082 | 0 | 4 | |a 724.6 BOI 1997 |2 21 |
| 100 | 0 | |a Boissière, Olivier |9 475061 | |
| 245 | 1 | 0 | |a Jean Nouvel |
| 260 | 0 | 3 | |a Barcelona, España |b Gustavo Gili |c 1997 |
| 300 | |a 207 páginas | ||
| 583 | |a last modification |c 20030328 00:00:00 |k Rodrigo Vera | ||
| 600 | 0 | |a Nouvel, Jean, |d 1945- |9 475062 | |
| 650 | 0 | |a Arquitectura contemporánea |9 367350 | |
| 650 | 0 | |a Arquitectos franceses |9 421974 | |
| 942 | |c BK |2 ddc | ||
| 945 | |d 20030328 00:00:00 |a cmena | ||
| 952 | |0 0 |1 0 |2 ddc |4 0 |6 724_600000000000000_BOI_1997 |7 0 |8 A |9 364436 |a BIBARQ |b BIBARQ |d 2019-11-21 |i 3887812 |o 724.6 BOI 1997 |p 3887812 |r 2025-01-20 |t 1 |w 2019-11-21 |y BK |k ARQ | ||